|
|
|
|
| LEADER |
01508nam a22003012a 4500 |
| 001 |
001218101 |
| 003 |
CZ BrMZK |
| 005 |
20121119105113.0 |
| 007 |
ta |
| 008 |
120530s1976 xr er|||||||||||cze d |
| 015 |
|
|
|a cnb000139728
|
| 035 |
|
|
|a (OCoLC)16390794
|
| 040 |
|
|
|a ABA001
|b cze
|c KLG001
|d ABA001
|d BOA001
|
| 080 |
9 |
|
|a 885-321.4
|
| 100 |
1 |
|
|a Herman, Arnošt,
|d 1932-2020
|7 jk01040836
|4 aut
|
| 245 |
1 |
0 |
|a Muž na betonových schodech /
|c Arnošt Herman
|
| 250 |
|
|
|a 1. vyd.
|
| 260 |
|
|
|a Liberec :
|b Severočeské nakladatelství,
|c 1976
|
| 300 |
|
|
|a 156 s. ;
|c 8°
|
| 490 |
1 |
|
|a Nová próza
|
| 500 |
|
|
|a 4000 výt.
|
| 520 |
|
|
|a Novelistický debut autora několika rozhlasových prací líčí životní křižovatku domněle neúspěšného syna pražského advokáta, který se vrátil z vojny a rozhoduje se o své budoucnosti. Hrdina, jenž ke studiu na vysoké škole neměl dost vytrvalosti, prožívá nejprve milenecký vztah k ženě s dítětem z narušeného manželství a posléze proti vůli otce, který mu chce protekci zajistit společensky "přiměřené" zaměstnání, odchází z domova a přijímá místo v továrně.
|
| 830 |
|
0 |
|a Nová próza (Severočeské nakladatelství)
|
| 856 |
4 |
1 |
|u http://www.digitalniknihovna.cz/mzk/uuid/uuid:5481cab0-de23-11e2-9923-005056827e52
|y Digitalizovaný dokument
|x NDK
|
| 910 |
|
|
|a BOA001
|b 2-0760.040
|
| 990 |
|
|
|a BK
|
| 991 |
|
|
|b 201205
|
| 996 |
7 |
|
|b 2619528155
|c 2-0760.040
|l MZK
|r Sklad / do 1 hodiny
|n 2
|w 001251827
|u 000010
|a 1
|e BOA001
|j MZK50
|s A
|